Thực trạng quản lý hoạt động phòng chống tai nạn thương tích cho trẻ ở các trường mầm non ngoài công lập trên địa bàn thành phố Hồ Chí Minh /

Đã lưu trong:
Sonraí Bibleagrafaíochta
Príomhúdar: Nguyễn Thụy Vũ.
Formáid: Bài viết
Teanga:Vietnamese
Ábhair:
Clibeanna: Cuir Clib Leis
Gan Chlibeanna, Bí ar an gcéad duine leis an taifead seo a chlibeáil!
Thư viện lưu trữ: Thư viện Trường Đại học Đà Lạt
LEADER 00889nam a2200265 4500
001 DLU190192064
005 ##20190826
040 # # |a DLU  |b vie 
041 # # |a vie 
044 # # |a vn 
100 # # |a Nguyễn Thụy Vũ. 
245 # # |a Thực trạng quản lý hoạt động phòng chống tai nạn thương tích cho trẻ ở các trường mầm non ngoài công lập trên địa bàn thành phố Hồ Chí Minh /  |c Nguyễn Thụy Vũ. 
653 # # |a Hoạt động 
653 # # |a Phòng chống 
653 # # |a Tai nạn thương tích 
773 # # |t Tạp chí Giáo dục  |g Số 401, 2017, tr. 1-5 
920 # # |a Phòng Tạp chí -- Trung tâm Thông tin - Thư viện Trường Đại học Đà Lạt 
994 # # |a DLU 
900 # # |a True 
911 # # |a Trần Thị Minh Hương 
925 # # |a G 
926 # # |a A 
927 # # |a BB 
980 # # |a Thư viện Trường Đại học Đà Lạt